000 01901nam a22003850a 4500
001 PT38340
003 AR-LpoUNG
005 20210202002613.0
008 191001s2007||||ag |||||||||||||||||spa d
040 _aAR-LpoUNG
_bspa
_cAR-LpoUNG
_eaacr
041 _aspa
044 _aag
082 0 _a303.64 449tie
100 1 _aAlmirón, Alejandra
_edir.
245 1 3 _aEl tiempo y la sangre
260 _aBuenos Aires :
_bCine Ojo,
_c2007.
505 0 _aHecha en 2005 en Argentina. Guión: Alejandra Almirón. Producción: Marcelo Céspedes y Carmen Guarini. Cámara: Alejandra Almirón. Sonido: Luciano Bertone. Música: Diego Hobert. Montaje: Alejandra Almirón.
520 _aSonia Severini es una ex militante de Montoneros. En los '70 militó en la JP en los barrios obreros del partido de Morón. Inicia su viaje al oeste preguntándose qué es lo que quedó de aquella práctica revolucionaria, en el propio territorio donde se ensayó y se fracasó. Piensa que el hoy existe como consecuencia directa del ayer y necesita buscar respuesta. Pero su intención inicial fracasa y encuentra, en cambio, otras cosas: un balance y reclamo inesperados de los hijos de esa generación imbatible: el descubrimiento de que en el oeste casi no quedaron sobrevivientes, por una particular modalidad represiva (a diferencia de otras zonas) y lo más importante: descubre su profunda necesidad de reflexión para poder concluir con la etapa más intensa y trágica de su vida.
650 4 _aARGENTINA
650 4 _aASPECTOS POLITICOS
650 4 _aCAMBIO SOCIAL
650 4 _aDICTADURA
650 4 _aGOLPES DE ESTADO
650 4 _aREVOLUCION
651 4 _aArgentina
653 _aCINE ARGENTINO
653 _aDESAPARECIDOS
653 _aDVD
653 _aMILITANCIA
653 _aREPRESION
653 _aTERRORISMO DE ESTADO
653 _aVIDEOS
905 _a38340
942 _cLIB
999 _c56878
_d56878